[Event "SRB-chT2 East"]
[Site "Serbia"]
[Date "2017.09.09"]
[Round "3.2"]
[White "Milosavljevic, Ivan"]
[Black "Stankovic, Dejan"]
[Result "1/2-1/2"]
[WhiteElo "2063"]
[BlackElo "2222"]
[PlyCount "126"]
[EventDate "2017.09.08"]
[EventType "team-tourn"]
[EventRounds "11"]
[EventCountry "SRB"]
[SourceTitle "EXT 2022"]
[Source "ChessBase"]
[SourceDate "2021.10.06"]
[SourceVersion "1"]
[SourceVersionDate "2021.10.06"]
[SourceQuality "1"]

1. e4 e5 2. Bc4 Nf6 3. Nc3 Bb4 4. d3 0-0 5. Bg5 c6 6. a3 Bxc3+ 7. bxc3 d5 8. exd5 cxd5 9. Bb3 Re8 10. Ne2 Nc6 11. Ng3 Be6 12. Nh5 Qa5 13. Bxf6 Qxc3+ 14. Kf1 gxf6 15. Nxf6+ Kg7 16. Nxe8+ Rxe8 17. Qe1 Qd4 18. Rd1 Bg4 19. f3 Bf5 20. h4 h5 21. Qf2 Rc8 22. Qxd4 Nxd4 23. Bxd5 Rxc2 24. Bxb7 Ne2 25. Be4 Ng3+ 26. Kg1 Bxe4 27. dxe4 Nxh1 28. Kxh1 Rc3 29. Rd5 Rxa3 30. Rxe5 Kg6 31. Kh2 f6 32. Rc5 a5 33. Kg3 Ra2 34. Rc6 Kg7 35. Ra6 a4 36. Kf4 Rxg2 37. Rxa4 Kg6 38. Ra6 Re2 39. Re6 Ra2 40. e5 Ra4+ 41. Kg3 Kf5 42. Rxf6+ Kxe5 43. Rh6 Kf5 44. Rxh5+ Kf6 45. Rg5 Rb4 46. Rg4 Rb5 47. Ra4 Kf5 48. Ra6 Rb4 49. h5 Kg5 50. h6 Rg4+ 51. Kf2 Rh4 52. Ke3 Kf5 53. Ra7 Rh3 54. h7 Rh4 55. Rb7 Rh3 56. Kf2 Rh6 57. Kg2 Rh4 58. Kg3 Rh6 59. Ra7 Rg6+ 60. Kf2 Rh6 61. Ke3 Rh4 62. Rd7 Ke6 63. Ra7 Kf5 1/2-1/2

[Event "SRB-chT 1st League"]
[Site "Kragujevac"]
[Date "2016.09.14"]
[Round "7.6"]
[White "Milosavljevic, Ivan"]
[Black "Maksimovic, Branimir"]
[Result "1-0"]
[WhiteElo "2113"]
[BlackElo "2341"]
[PlyCount "73"]
[EventDate "2016.09.10"]
[EventType "team-tourn"]
[EventRounds "11"]
[EventCountry "SRB"]
[SourceTitle "CBM 174 Extra"]
[Source "ChessBase"]
[SourceDate "2016.10.10"]
[SourceVersion "1"]
[SourceVersionDate "2016.10.10"]
[SourceQuality "1"]
[WhiteTeam "Nis Svitanja"]
[BlackTeam "Valjevo"]
[WhiteTeamCountry "SRB"]
[BlackTeamCountry "SRB"]

1. e4 e6 2. d4 d5 3. exd5 exd5 4. Nf3 Bd6 5. Nc3 c6 6. Bd3 Ne7 7. 0-0 Bg4 8. h3 Bh5 9. Be2 Nd7 10. Nh4 Bxe2 11. Qxe2 0-0 12. Bg5 Re8 13. Qg4 g6 14. Rae1 h5 15. Qd1 Nf8 16. Re3 Nh7 17. Bh6 Nc8 18. Rxe8+ Qxe8 19. Re1 Qd8 20. Nf3 Ne7 21. g4 hxg4 22. hxg4 Qd7 23. Ne5 Bxe5 24. dxe5 Qe6 25. Bf4 g5 26. Bg3 Ng6 27. f3 Nhf8 28. Ne2 c5 29. Nc3 Rd8 30. Ne4 dxe4 31. Qxd8 exf3 32. Qxg5 Qxa2 33. Qf5 Qxb2 34. Qxf3 Qxc2 35. Qxb7 Qd3 36. Kh2 Nf4 37. Bxf4 1-0

[Event "SRB-chT 1st League"]
[Site "Kragujevac"]
[Date "2016.09.11"]
[Round "3.5"]
[White "Todorovic, Goran N"]
[Black "Milosavljevic, Ivan"]
[Result "1-0"]
[WhiteElo "2350"]
[BlackElo "2113"]
[PlyCount "101"]
[EventDate "2016.09.10"]
[EventType "team-tourn"]
[EventRounds "11"]
[EventCountry "SRB"]
[SourceTitle "CBM 174 Extra"]
[Source "ChessBase"]
[SourceDate "2016.10.10"]
[SourceVersion "1"]
[SourceVersionDate "2016.10.10"]
[SourceQuality "1"]
[WhiteTeam "Smederevska Palanka"]
[BlackTeam "Nis Svitanja"]
[WhiteTeamCountry "SRB"]
[BlackTeamCountry "SRB"]

1. Nf3 Nc6 2. c4 e5 3. Nc3 Nf6 4. g3 Bc5 5. Bg2 d6 6. d3 h6 7. 0-0 0-0 8. a3 Rb8 9. b4 Bb6 10. Bb2 Bg4 11. h3 Bh5 12. e3 Qd7 13. Kh2 Rbe8 14. Qc2 g5 15. Nd2 Bg6 16. Na4 Nd8 17. Nxb6 axb6 18. f4 Nh5 19. g4 Ng7 20. f5 Bh7 21. Ne4 f6 22. d4 c6 23. Rad1 Qc7 24. dxe5 dxe5 25. Rd6 Nde6 26. Qd3 Rd8 27. Rd1 Rxd6 28. Qxd6 Qxd6 29. Rxd6 Kf7 30. fxe6+ Nxe6 31. Rd7+ Kg8 32. Re7 Ng7 33. Rxb7 Bxe4 34. Bxe4 Rd8 35. Bc3 b5 36. cxb5 cxb5 37. Rxb5 Ne8 38. Bd5+ Kh8 39. e4 Nd6 40. Rc5 Kg7 41. a4 Kg6 42. b5 h5 43. Rc6 hxg4 44. hxg4 Nf7 45. Bb4 Rd7 46. b6 Nh6 47. Kg3 Rh7 48. Rc7 Rh8 49. b7 Nf5+ 50. exf5+ Kh6 51. Rc8 1-0

[Event "SRB-chT 1st League"]
[Site "Kragujevac"]
[Date "2015.09.05"]
[Round "1.4"]
[White "Milanovic, Slavisa"]
[Black "Milosavljevic, Ivan"]
[Result "1/2-1/2"]
[WhiteElo "2381"]
[BlackElo "2087"]
[PlyCount "78"]
[EventDate "2015.09.05"]
[EventType "team-tourn"]
[EventRounds "11"]
[EventCountry "SRB"]
[SourceTitle "EXT 2016"]
[Source "ChessBase"]
[SourceDate "2015.10.08"]
[SourceVersion "1"]
[SourceVersionDate "2015.10.08"]
[SourceQuality "1"]
[WhiteTeam "Ub"]
[BlackTeam "Nis Svitanja"]
[WhiteTeamCountry "SRB"]
[BlackTeamCountry "SRB"]

1. c4 d6 2. Nc3 Nf6 3. Nf3 g6 4. d4 Bg7 5. e4 0-0 6. h3 c5 7. d5 Nbd7 8. Be3 Ne8 9. Be2 Ne5 10. Nd2 f5 11. f4 Nf7 12. 0-0 Bd7 13. Bd3 Nh6 14. e5 Nc7 15. e6 Be8 16. a4 b6 17. g4 Kh8 18. g5 Ng8 19. Nf3 a6 20. Qc2 Qb8 21. Rab1 a5 22. Ne2 Na6 23. Bd2 Nb4 24. Qb3 Bxa4 25. Qxa4 Nxd3 26. Bc3 Nb4 27. Qb3 h5 28. gxh6 Nxh6 29. Bxg7+ Kxg7 30. Qc3+ Rf6 31. Rf2 b5 32. b3 a4 33. bxa4 Rxa4 34. Rg2 bxc4 35. Nh4 Kh7 36. Kh2 Qa8 37. Nxg6 Ra3 38. Nf8+ Kh8 39. Ng6+ Kh7 1/2-1/2

[Event "SRB-chT2 South"]
[Site "Nis"]
[Date "2013.10.21"]
[Round "8.1"]
[White "Zdravkovic, Dragan S"]
[Black "Milosavljevic, Ivan"]
[Result "1/2-1/2"]
[WhiteElo "1859"]
[BlackElo "2018"]
[PlyCount "29"]
[EventDate "2013.10.17"]
[EventType "team-swiss"]
[EventRounds "8"]
[EventCountry "SRB"]
[SourceTitle "EXT 2015"]
[Source "ChessBase"]
[SourceDate "2014.11.20"]
[SourceVersion "1"]
[SourceVersionDate "2014.11.20"]
[SourceQuality "1"]

1. e4 e5 2. Nf3 Nc6 3. Bb5 a6 4. Ba4 Bc5 5. c3 d6 6. d4 exd4 7. cxd4 Bb4+ 8. Bd2 Bxd2+ 9. Nbxd2 Bd7 10. 0-0 Nge7 11. Re1 0-0 12. d5 Ne5 13. Nxe5 dxe5 14. Nf3 Ng6 15. Rc1 1/2-1/2

[Event "IBCA Wch blind Gr2"]
[Site "Zaragoza"]
[Date "2013.06.18"]
[Round "7"]
[White "Milosavljevic, Ivan"]
[Black "Zanoletty Garcia, David"]
[Result "1/2-1/2"]
[WhiteElo "2001"]
[BlackElo "2022"]
[PlyCount "137"]
[EventDate "2013.06.12"]
[EventType "swiss"]
[EventRounds "7"]
[EventCountry "ESP"]
[SourceTitle "EXT 2014"]
[Source "ChessBase"]
[SourceDate "2013.11.20"]
[SourceVersion "1"]
[SourceVersionDate "2013.11.20"]
[SourceQuality "1"]

1. e4 e6 2. d4 d5 3. exd5 exd5 4. Bd3 Bd6 5. Nf3 Ne7 6. Bg5 0-0 7. Nbd2 c6 8. c3 f6 9. Bh4 Bf5 10. Qc2 Bxd3 11. Qxd3 Ng6 12. 0-0 Nf4 13. Qf5 Qd7 14. Qxd7 Nxd7 15. Bg3 Ne2+ 16. Kh1 Nxg3+ 17. hxg3 Rfe8 18. Rfe1 Kf7 19. Kg1 g6 20. Kf1 h5 21. Rxe8 Rxe8 22. Re1 Re6 23. Rxe6 Kxe6 24. Ke2 Nf8 25. Ne1 g5 26. Nd3 b6 27. b4 Ng6 28. a4 h4 29. g4 Nf4+ 30. Nxf4+ Bxf4 31. Nb3 Bd6 32. a5 Bf4 33. Kd3 Bd6 34. Kc2 Bf4 35. Kb2 Kd6 36. Ka3 Kc7 37. Ka4 Kd6 38. Ka3 Bh2 39. Nc1 bxa5 40. bxa5 Kc7 41. Nd3 Bd6+ 42. Ka4 Kb7 43. Nc1 Ka6 44. Nb3 Kb7 45. Nc1 Ka6 46. Nb3 Be7 47. Nc1 Bd8 48. Nd3 Be7 49. f4 Bd6 50. fxg5 fxg5 51. Ne1 Bc7 52. Nd3 Bxa5 53. Nc5+ Kb6 54. Kb3 Kb5 55. Ne6 Bb6 56. Nxg5 c5 57. dxc5 Kxc5 58. Nf3 Bd8 59. g5 a5 60. g6 Bf6 61. Nxh4 d4 62. cxd4+ Kxd4 63. Nf5+ Ke5 64. g7 Bxg7 65. Nxg7 Kf4 66. Nh5+ Kg4 67. Nf6+ Kg3 68. Ka4 Kxg2 69. Kxa5 1/2-1/2

[Event "SRB-ch blind"]
[Site "Nis"]
[Date "2013.04.23"]
[Round "7"]
[White "Dimic, Pavle"]
[Black "Milosavljevic, Ivan"]
[Result "1-0"]
[WhiteElo "2201"]
[BlackElo "2001"]
[PlyCount "93"]
[EventDate "2013.04.20"]
[EventType "tourn"]
[EventRounds "9"]
[EventCountry "SRB"]
[SourceTitle "EXT 2014"]
[Source "ChessBase"]
[SourceDate "2013.11.20"]
[SourceVersion "1"]
[SourceVersionDate "2013.11.20"]
[SourceQuality "1"]

1. d4 g6 2. c4 Bg7 3. Nf3 d6 4. Nc3 c6 5. g3 Nf6 6. Bg2 0-0 7. 0-0 Nbd7 8. e4 e5 9. b3 a6 10. h3 b5 11. dxe5 Nxe5 12. Nxe5 dxe5 13. Qe2 Be6 14. Rd1 Qc7 15. c5 Rfd8 16. Be3 Rxd1+ 17. Rxd1 Rd8 18. Rxd8+ Qxd8 19. Qc2 Qd7 20. Kh2 h5 21. Nd1 Kh7 22. Nb2 Bh6 23. Bxh6 Kxh6 24. Qc3 Qc7 25. Nd3 Nd7 26. h4 f6 27. Bh3 Nf8 28. Bxe6 Nxe6 29. f4 Nd4 30. Kg2 g5 31. hxg5+ fxg5 32. Nxe5 Ne6 33. f5 Nf8 34. Qd4 Kh7 35. Qd6 Qg7 36. f6 Qh6 37. Qe7+ Kg8 38. Qf7+ Kh8 39. Qxf8+ Qxf8 40. Ng6+ Kg8 41. Nxf8 Kxf8 42. b4 Kf7 43. e5 Kg6 44. Kf3 Kf7 45. Ke3 Kg6 46. Ke4 g4 47. Kf4 1-0

[Event "SRB-ch blind"]
[Site "Nis"]
[Date "2013.04.22"]
[Round "5"]
[White "Milosavljevic, Ivan"]
[Black "Jandric, Damjan"]
[Result "1/2-1/2"]
[WhiteElo "2001"]
[BlackElo "2050"]
[PlyCount "120"]
[EventDate "2013.04.20"]
[EventType "tourn"]
[EventRounds "9"]
[EventCountry "SRB"]
[SourceTitle "EXT 2014"]
[Source "ChessBase"]
[SourceDate "2013.11.20"]
[SourceVersion "1"]
[SourceVersionDate "2013.11.20"]
[SourceQuality "1"]

1. e4 c5 2. Nf3 d6 3. d4 cxd4 4. Nxd4 Nf6 5. Nc3 a6 6. Be3 e5 7. Nb3 Be7 8. f3 Be6 9. Qd2 0-0 10. 0-0-0 a5 11. a4 Nc6 12. g4 Nb4 13. h4 d5 14. g5 Ne8 15. Nxd5 Bxd5 16. exd5 Rc8 17. c3 Nd6 18. Kb1 Na6 19. Bd3 Qd7 20. h5 Qxa4 21. Bc2 Qb5 22. g6 a4 23. h6 fxg6 24. hxg7 axb3 25. gxf8Q+ Rxf8 26. Bd3 Qa4 27. Rxh7 Qa2+ 28. Kc1 Qa1+ 29. Bb1 Nb4 30. Qh2 Na2+ 31. Kd2 Qxb2+ 32. Ke1 Qxh2 33. Rxh2 Nxc3 34. Rc1 Nxd5 35. Bh6 Ra8 36. Bxg6 Ra2 37. Rd2 b2 38. Rb1 Nc3 39. Rbxb2 Ra1+ 40. Kf2 Nd1+ 41. Rxd1 Rxd1 42. Ra2 Nf7 43. Be3 Kg7 44. Bc2 Rd7 45. Kg3 Nd6 46. Ra4 Kf6 47. Kg4 Rc7 48. Bb1 Rc4+ 49. Rxc4 Nxc4 50. Bg5+ Ke6 51. f4 Ne3+ 52. Kf3 Bxg5 53. fxg5 Nf5 54. Ba2+ Kd6 55. Ke4 Nh4 56. Bc4 b6 57. Bf7 Ke7 58. Bc4 Kf8 59. Kxe5 Nf3+ 60. Kf6 Nxg5 1/2-1/2

[Event "SRB-chT2 South CS"]
[Site "Nis"]
[Date "2012.09.22"]
[Round "3.1"]
[White "Jonic, Dragisa"]
[Black "Milosavljevic, Ivan"]
[Result "0-1"]
[WhiteElo "2103"]
[BlackElo "2008"]
[PlyCount "114"]
[EventDate "2012.09.21"]
[EventType "team-tourn"]
[EventRounds "10"]
[EventCountry "SRB"]
[SourceTitle "EXT 2019"]
[Source "ChessBase"]
[SourceDate "2018.10.10"]
[SourceVersion "1"]
[SourceVersionDate "2018.10.10"]
[SourceQuality "1"]

1. c4 e5 2. Nc3 Nf6 3. g3 Nc6 4. Bg2 Bc5 5. e3 d6 6. Nge2 0-0 7. 0-0 Rb8 8. Na4 Bb6 9. Nxb6 axb6 10. b3 Bg4 11. Bb2 Qd7 12. f3 Bh3 13. d4 Bxg2 14. Kxg2 Rfd8 15. d5 Ne7 16. e4 Ng6 17. Qd2 h6 18. Rae1 Re8 19. Qd3 Nh7 20. f4 exf4 21. Nxf4 Ne5 22. Qd2 Ng5 23. h4 Nh7 24. Bxe5 Rxe5 25. Nd3 Re7 26. e5 Rbe8 27. exd6 Qxd6 28. Rxe7 Rxe7 29. Re1 Nf6 30. Nf2 Kf8 31. Rxe7 Qxe7 32. Qd3 Qe5 33. a3 Ke7 34. a4 Kd6 35. Qf3 h5 36. Nd3 Qd4 37. Nf2 Qd2 38. Kf1 Kc5 39. Nd3+ Kd4 40. Ne1 Ng4 41. Qe2 Qxe2+ 42. Kxe2 Kc3 43. a5 bxa5 44. c5 Kxb3 45. Kd3 a4 46. d6 cxd6 47. cxd6 Ne5+ 48. Kd4 Nc6+ 49. Kc5 a3 50. Nf3 a2 51. Kb6 a1Q 52. Kxb7 Nd8+ 53. Kc8 Ne6 54. Ng5 Qa8+ 55. Kd7 Qd8+ 56. Kc6 Qc8+ 57. Kd5 Qc4+ 0-1

[Event "Nis op"]
[Site "Nis"]
[Date "2012.03.14"]
[Round "4"]
[White "Milosavljevic, Ivan"]
[Black "Djukic, Sandra"]
[Result "1/2-1/2"]
[WhiteElo "2024"]
[BlackElo "2203"]
[PlyCount "158"]
[EventDate "2012.03.11"]
[EventType "swiss"]
[EventRounds "9"]
[EventCountry "SRB"]
[SourceTitle "CBM 147 Extra"]
[Source "ChessBase"]
[SourceDate "2012.04.24"]
[SourceVersion "1"]
[SourceVersionDate "2012.04.24"]
[SourceQuality "1"]

1. e4 d6 2. d4 Nf6 3. Nc3 e5 4. dxe5 dxe5 5. Qxd8+ Kxd8 6. Bc4 Be6 7. Bxe6 fxe6 8. Bg5 c6 9. 0-0-0+ Kc7 10. Nf3 Nbd7 11. h3 h6 12. Bh4 Nh5 13. g4 Nf4 14. Bg3 g5 15. h4 Be7 16. hxg5 hxg5 17. a3 a5 18. Bxf4 gxf4 19. g5 Rag8 20. Rdg1 Rxh1 21. Rxh1 Rg7 22. Rh5 Kd6 23. b4 Kc7 24. Na2 b5 25. Kb2 axb4 26. axb4 Kd6 27. Nc1 Nb6 28. c3 Nc4+ 29. Kc2 Bd8 30. Nd3 Bb6 31. Rh6 Ke7 32. Ndxe5 Nxe5 33. Nxe5 Kd6 34. Nd3 Rxg5 35. Nxf4 Re5 36. f3 Be3 37. Rh4 Bxf4 38. Rxf4 Rh5 39. Kd3 Rh1 40. Rf7 e5 41. Rf6+ Kd7 42. Ke3 Re1+ 43. Kd2 Rf1 44. Ke2 Rc1 45. Kd3 Rd1+ 46. Kc2 Rf1 47. Kd2 Rf2+ 48. Ke3 Rc2 49. Kd3 Rf2 50. Rf8 Rf1 51. Rf5 Ke6 52. c4 bxc4+ 53. Kxc4 Rc1+ 54. Kb3 Rb1+ 55. Kc3 Rc1+ 56. Kb2 Rf1 57. Kc2 Rf2+ 58. Kc3 Rf1 59. Rf8 Ke7 60. Rf5 Ke6 61. Kc4 Rc1+ 62. Kd3 Rb1 63. Kc3 Rc1+ 64. Kb2 Rf1 65. Kc2 Rf2+ 66. Kd3 Rf1 67. Rf8 Ke7 68. Ke2 Rb1 69. Rb8 Rb2+ 70. Ke3 Kd6 71. Rb7 Ke6 72. Kd3 Rb3+ 73. Ke2 Rb2+ 74. Ke3 Kd6 75. Kd3 Rb3+ 76. Ke2 Rb2+ 77. Kd3 Rb3+ 78. Ke2 Rb2+ 79. Kd3 Rb3+ 1/2-1/2

[Event "IBCA Wch blind 12th"]
[Site "Belgrade"]
[Date "2010.08.30"]
[Round "5.10"]
[White "Milosavljevic, Ivan"]
[Black "Suder, Ryszard"]
[Result "0-1"]
[WhiteElo "2030"]
[BlackElo "2210"]
[PlyCount "96"]
[EventDate "2010.08.26"]
[EventType "swiss"]
[EventRounds "9"]
[EventCountry "SRB"]
[SourceTitle "EXT 2011"]
[Source "ChessBase"]
[SourceDate "2010.11.26"]
[SourceVersion "1"]
[SourceVersionDate "2010.11.26"]
[SourceQuality "1"]

1. e4 c5 2. Nf3 Nc6 3. d4 cxd4 4. Nxd4 Nf6 5. Nc3 g6 6. Be3 Bg7 7. Bc4 0-0 8. f3 Qb6 9. Qd2 Nxe4 10. Nxe4 Bxd4 11. Bxd4 Qxd4 12. Qxd4 Nxd4 13. 0-0-0 Nc6 14. h4 Na5 15. Bd3 d5 16. Nc3 Be6 17. Nb5 Rfc8 18. Nd4 Bd7 19. h5 Nc6 20. Nxc6 Bxc6 21. hxg6 hxg6 22. f4 Kg7 23. f5 gxf5 24. Bxf5 Rh8 25. Rhf1 Rad8 26. Rf4 e6 27. Bh3 e5 28. Rf3 Rh6 29. Rdf1 f6 30. Be6 d4 31. R3f2 Bb5 32. Re1 Bd7 33. Bd5 Bc6 34. Be6 Rdh8 35. Bh3 Rh4 36. Kd2 e4 37. Rf5 R8h5 38. Rxh5 Rxh5 39. c3 d3 40. c4 f5 41. Ke3 Kf6 42. b4 Ke5 43. Rf1 Bd7 44. Rf4 Be6 45. c5 Rh8 46. Rf1 Rf8 47. g3 Rg8 48. Rg1 Rxg3+ 0-1

[Event "SRB-chT3 South"]
[Site "Nis"]
[Date "2008.10.24"]
[Round "10"]
[White "Susulic, Zivan"]
[Black "Milosavljevic, Ivan"]
[Result "0-1"]
[WhiteElo "2120"]
[BlackElo "2078"]
[PlyCount "106"]
[EventDate "2008.09.14"]
[EventType "team"]
[EventRounds "11"]
[EventCountry "SRB"]
[SourceTitle "EXT 2012"]
[Source "ChessBase"]
[SourceDate "2011.11.24"]
[SourceVersion "1"]
[SourceVersionDate "2011.11.24"]
[SourceQuality "1"]

1. e4 e5 2. Nf3 Nc6 3. Bb5 a6 4. Ba4 Bc5 5. 0-0 b5 6. Bb3 d6 7. c3 Bg4 8. h3 Bxf3 9. Qxf3 Nf6 10. d3 h6 11. Nd2 Qe7 12. a4 0-0 13. Bd5 Qd7 14. b4 Bb6 15. a5 Ba7 16. Ba2 Nh7 17. Qg3 Kh8 18. Nf3 Ne7 19. d4 f6 20. Qh4 Rae8 21. Be3 exd4 22. Nxd4 Bxd4 23. Bxd4 Ng5 24. f3 Ng6 25. Qg3 Ne5 26. Rad1 Qc8 27. Be3 Re7 28. Bb1 Nc4 29. Bc1 Qe6 30. h4 Nh7 31. f4 Qf7 32. Qd3 Qh5 33. g3 Qg4 34. Kh2 g5 35. hxg5 hxg5 36. Qf3 Qxf3 37. Rxf3 Kg7 38. Rdf1 Rh8 39. Kg2 g4 40. R3f2 Nf8 41. f5 Ne5 42. Rf4 Nh7 43. Rh1 Ng5 44. Rff1 Nh3 45. Bf4 Nc4 46. Bd3 Nxf4+ 47. Rxf4 Ne3+ 48. Kg1 Rxh1+ 49. Kxh1 Kh6 50. Rf2 Kg5 51. Rd2 Nd1 52. Rc2 Rh7+ 53. Kg1 Rh3 0-1

[Event "Belgrade Jezero op 10th"]
[Site "Belgrade"]
[Date "2004.08.20"]
[Round "4"]
[White "Rosandic, Martin"]
[Black "Milosavljevic, Ivan"]
[Result "0-1"]
[WhiteElo "1948"]
[BlackElo "2094"]
[PlyCount "118"]
[EventDate "2004.08.17"]
[EventType "swiss"]
[EventRounds "9"]
[EventCountry "YUG"]
[SourceTitle "EXT 2005"]
[Source "ChessBase"]
[SourceDate "2004.11.15"]
[SourceVersion "1"]
[SourceVersionDate "2004.11.15"]
[SourceQuality "1"]

1. e4 e5 2. Nf3 Nc6 3. Bc4 Bc5 4. c3 d6 5. Bb3 Bg4 6. 0-0 Nf6 7. d3 h6 8. h3 Bh5 9. g4 Bg6 10. Be3 Bxe3 11. fxe3 Nh7 12. Qe1 Ng5 13. Qg3 h5 14. h4 Nxf3+ 15. Rxf3 hxg4 16. Rf2 Qxh4 17. Qxh4 Rxh4 18. Rh2 Rxh2 19. Kxh2 Ke7 20. Nd2 Rh8+ 21. Kg2 Rh3 22. Nf1 f5 23. exf5 Bxf5 24. e4 Bd7 25. Ng3 g6 26. Rf1 Be6 27. Bd1 Bxa2 28. Bxg4 Rh8 29. c4 a5 30. Ne2 Bb3 31. Nc3 Nb4 32. Be2 c6 33. Rf3 Nc2 34. Rg3 Kf6 35. Kg1 Nd4 36. Bg4 b5 37. cxb5 cxb5 38. Rg2 b4 39. Nd5+ Bxd5 40. exd5 a4 41. Bd7 a3 42. bxa3 bxa3 43. Ra2 Ra8 44. Kf2 Nc2 45. Ke2 Nb4 46. Ra1 Nxd5 47. Kd2 Ra5 48. Kc2 Rc5+ 49. Kd2 Nc3 50. Bg4 d5 51. Bf3 d4 52. Ke1 a2 53. Bd1 Rb5 54. Bc2 Rb1+ 55. Bxb1 axb1Q+ 56. Rxb1 Nxb1 57. Kd1 Nc3+ 58. Ke1 Kg5 59. Kf2 Kf4 0-1